Abandonar las bipolaridades y el logocentrismo /
Salvato in:
| Autore principale: | |
|---|---|
| Natura: | Libro |
| Lingua: | Spanish |
| Soggetti: | |
| Tags: |
Aggiungi Tag
Nessun Tag, puoi essere il primo ad aggiungerne!!
|
MARC
| LEADER | 00000nam a22000007a 4500 | ||
|---|---|---|---|
| 001 | 210 | ||
| 003 | cru CIDCACS/IIS | ||
| 005 | 20190911111255.0 | ||
| 008 | 190910b ||||| |||| 00| 0 spa d | ||
| 999 | |c 42344 |d 42344 | ||
| 040 | |c cru CIDCACS/IIS | ||
| 100 | 1 | |a Hidalgo Xirinachs, Roxana |9 4348 | |
| 245 | 1 | |a Abandonar las bipolaridades y el logocentrismo / |c Roxana Hidalgo Xirinachs | |
| 300 | |a páginas 185-191 | ||
| 650 | 4 | |9 1971 |a ROL DE LA MUJER | |
| 650 | 0 | |9 2808 |a RELACIONES DE GENERO | |
| 650 | 0 | |9 417 |a SEXUALIDAD | |
| 773 | 0 | |0 18811 |9 3319 |a Universidad de Costa Rica. Instituto de Investigaciones en Psicología |d San José, C.R.: Editorial de la UCR |o 07029 |t Actualidades en Psicología / | |
| 942 | |2 ddc |c PP | ||
